00590nam a2200205 a 4500001001300000003000900013005001700022008004100039020001000080082002100090100002400111245008000135260004500215300000900260500003500269505001000304650002200314650002400336700002400360nice12345678IN_TiNIC20260116012455.0050524s1977 newa grp 000 0 eng  ac10000a909.0974927bMUJ aMujtabai, Fathullah aIndo-Iranian Studies Presented for the Golden Jubilee of the Pahlavi Dynast aNew DelhibIndian Social Institutec1977 a221p aincludes index and biblioraphy2 aIndex aCivilization-Iran aIndia-Relation-Iran1 aMujtabai, Fathullah